The urban Pattern City Planning and design 5th ed (Record no. 5870)
[ view plain ]
| 000 -LEADER | |
|---|---|
| fixed length control field | 00304nam a2200109Ia 4500 |
| 008 - FIXED-LENGTH DATA ELEMENTS--GENERAL INFORMATION | |
| fixed length control field | 200302s9999 xx 000 0 und d |
| 100 ## - MAIN ENTRY--PERSONAL NAME | |
| Personal name | Gallion and Simon eisner |
| 245 ## - TITLE STATEMENT | |
| Title | The urban Pattern City Planning and design 5th ed |
| 260 ## - PUBLICATION, DISTRIBUTION, ETC. | |
| Name of publisher, distributor, etc. | C B C Publishers & Destributors |
| 260 ## - PUBLICATION, DISTRIBUTION, ETC. | |
| Date of publication, distribution, etc. | 2005 |
| 300 ## - PHYSICAL DESCRIPTION | |
| Extent | 643 |
| Withdrawn status | Lost status | Damaged status | Not for loan | Permanent Location | Current Location | Date acquired | Total Checkouts | Full call number | Barcode | Date last seen | Date last checked out | Price effective from | Koha item type |
|---|---|---|---|---|---|---|---|---|---|---|---|---|---|
| BMS College of Architecture, Design and Planning | BMS College of Architecture, Design and Planning | 2020-03-03 | 5 | 711.4 | CL-PGD491 | 2025-03-04 | 2025-02-17 | 2020-03-03 | PG Books from CL |